000 01174nam a2200289Ia 4500
003 OSt
005 20221005110420.0
006 a|||||r|||| 00| 0
007 ta
008 221004b |||||||| |||| 00| 0 hin d
020 _a9789385054389 (hbk)
_c380
024 _a25612
037 _b367, 08/03/2016, Eastern Book Linkers
_cTextual
040 _aCRL
_cCRL
_bhin
041 _2hin
_ahin
082 _aO152,3N47w, Q5
100 _aस्वयं प्रकाश
245 0 _aमेरे साक्षात्कार
_b स्वंय प्रकाश
246 _aMere sākṣhātkāra: svanya prakāsha
260 _aनई दिल्ली
_bकिताबघर प्रकाशन भारत
_c2015
300 _a216पृ0
_ccm.
490 _aमेरे साक्षात्कार सीरीज
650 _aहिन्दी साहित्य
700 _a व्यास, रेणु, संपा.
942 _hO152,3N47w, Q5
_cTEXL
_2cc
999 _c1018735
_d1018735